000
00259nmm a2200085Ia 4500
008
220120s9999||||xx |||||||||||||||||und||
100
_a
PCQ
245
0
_a
50 finance and business management tools for personal and bu
260
_a
Coorg Institute of Technology
_c
2015
999
_c
139964
_d
139964